Will you cry? - Gracie Abrams - Statistics

General Stats
  • This quiz has been taken 83 times
  • The average score is 304 of 346
Answer Stats
Hint Answer % Correct
Chorus When
98%
when
98%
you
98%
You
98%
cry
95%
I
95%
Will
95%
a
93%
don't
93%
echo
93%
follow
93%
get
93%
go?
93%
go
93%
if
93%
let
93%
me
93%
my
93%
scream
93%
shallow
93%
talk
93%
through
93%
to
93%
walk
93%
Where
93%
your
93%
we
90%
you're
90%
it
88%
move
85%
not
85%
of
85%
see
85%
want
85%
arms
83%
could
83%
die
83%
goodbye?
83%
heart
83%
Now
83%
now
83%
'round
83%
say
83%
with
83%
With
83%
Would
83%
Verse 1 Damage
80%
habits
80%
heavy
80%
i'm
80%
kill
80%
slowly
80%
Breakin'
78%
early
78%
It's
78%
left
78%
Left
78%
what
78%
All
75%
all
75%
funny
75%
have
75%
I'll
75%
kind
75%
nothin'
75%
us
75%
before
73%
bored
73%
from
73%
goes
73%
How'd
73%
mouth
73%
start
73%
That
73%
laugh
70%
open
70%
reverie
70%
somethin'
70%
stuck?
70%
behind
68%
holdin'
68%
lined
68%
onto
68%
unspoken
68%
wide
68%
alive
65%
feel
65%
less
65%
little
65%
makes
65%
up
65%
Wreckage
65%
'Cause
63%
myself
63%
Verse 2 Pieces
63%
stop
63%
broken
60%
Aimless
58%
Refrain And
55%
hopin'
55%
four
40%
three
40%
Intro Two
40%
No matching quizzes found
Score Distribution
Percent of People with Each Score
Percentile by Number Answered
Your Score History
You have not taken this quiz